Normal view
MARC view
Entry Personal Name
001 - CONTROL NUMBER
- control field: 10673
003 - CONTROL NUMBER IDENTIFIER
- control field: DLC
005 - DATE AND TIME OF LATEST TRANSACTION
- control field: 20260402125744.0
008 - FIXED-LENGTH DATA ELEMENTS
- fixed length control field: 850924n| azannaabn |b aaa
010 ## - LIBRARY OF CONGRESS CONTROL NUMBER
- LC control number: n 85230495
035 ## - SYSTEM CONTROL NUMBER
- System control number: (OCoLC)oca01418380
040 ## - CATALOGING SOURCE
- Original cataloging agency: DLC
- Language of cataloging: eng
- Transcribing agency: DLC
- Modifying agency: DLC
- Modifying agency: NjP
- Modifying agency: OCoLC
- Description conventions: rda
- Modifying agency: DLC
100 1# - HEADING--PERSONAL NAME
- Personal name: التنوخي، عز الدين
400 0# - SEE FROM TRACING--PERSONAL NAME
- Personal name: ʻIzz al-Dīn al-Tanūkhī
400 1# - SEE FROM TRACING--PERSONAL NAME
- Personal name: Tanoukhi, Izzeddine
400 1# - SEE FROM TRACING--PERSONAL NAME
- Personal name: تنوخي، عز الدين
400 1# - SEE FROM TRACING--PERSONAL NAME
- Personal name: عز الدين التنوخي
500 ## - SEE ALSO FROM TRACING--PERSONAL NAME
- Personal name: Tanūkhī, ʻIzz al-Dīn
670 ## - SOURCE DATA FOUND
- Source citation: Satālī, A.b.S. Dīwān al-Satālī, 1980?:
- Information found: t.p. (ʻIzz al-Dīn al-Tanūkhī)
670 ## - SOURCE DATA FOUND
- Source citation: Jawālīqī, M.b.A. Kitāb takmilah iṣlāḥ mā taghlaṭu fīhi al-ʻāmmah, 1936:
- Information found: t.p. (ʻIzz al-Dīn al-Tanūkhī , ʻuḍw al-Majmaʻ al-ʻIlmī) p. 4 of cover (Izzeddine al-Tanoukhi [in rom.])
670 ## - SOURCE DATA FOUND
- Source citation: al-ʻAllāmah al-majmaʻī ʻIzz al-Dīn al-Tanūkhī, 1307-1386 H, 1889-1966 M, 2015:
- Information found: t.p. (ʻIzz al-Dīn al-Tanūkhī, 1307-1386 H, 1889-1966 M)
700 ## - ESTABLISHED HEADING LINKING ENTRY--PERSONAL NAME
- Personal name: Tanūkhī, ʻIzz al-Dīn
905 ## - cataloger
- cataloger: Auth_BKS